| 000 | 00375nam a2200157Ia 4500 | ||
|---|---|---|---|
| 008 | 260407s2026 xx 000 0 und d | ||
| 041 | _aeng | ||
| 082 |
_a491.46/SAG _b12240 |
||
| 100 | _aK.SAGAR | ||
| 245 | _aSAPURNA MARATHI SHABHDHASARGHA VYKARAN | ||
| 250 | _a49TH | ||
| 260 |
_aPUNE _bK.SAGAR PUB HOUSE |
||
| 300 | _a388p | ||
| 650 | _aGENERAL | ||
| 650 | _aGENERAL | ||
| 999 |
_c1219732 _d1219732 |
||